[Event "26th WSCC 2016 Open 65+"]
[Site "Marianske Lazne, Czech Republic - Hotel Cristal and Continental"]
[Date "2016.11.20"]
[Round "2.110"]
[White "Hasberger, Walter"]
[Black "Schwertel, Johann"]
[Result "0-1"]
[WhiteElo "1739"]
[BlackElo "1961"]
[PlyCount "106"]
[EventDate "2016.11.19"]

1. e4 c6 2. d4 d5 3. exd5 cxd5 4. Bb5+ Bd7 5. Bxd7+ Nxd7 6. Nf3 Ngf6 7. O-O e6
8. c3 Bd6 9. Bg5 h6 10. Bh4 Qc7 11. Bg3 O-O 12. Nbd2 Nb6 13. Rc1 Bxg3 14. hxg3
Rac8 15. Re1 Nc4 16. b3 Nd6 17. Ne5 b5 18. Nd3 Nfe4 19. Nb1 Qa5 20. b4 Qxa2 21.
Re2 Qa6 22. Nc5 Qc6 23. Ra2 Ra8 24. Ra6 Qc8 25. Ra2 a5 26. Qb3 a4 27. Qd1 Nc4
28. Qd3 Ned6 29. f3 Ra7 30. Re1 Qd8 31. Kf2 Qg5 32. Nd2 Qf6 33. Nf1 Re8 34. Ne3
Nxe3 35. Rxe3 Nc4 36. Re1 Rae7 37. f4 g6 38. Qf3 h5 39. g4 hxg4 40. Qxg4 Kg7
41. Rh1 Rh8 42. Raa1 Ree8 43. g3 Qf5 44. Qe2 Nd6 45. Kf3 Rxh1 46. Rxh1 Rh8 47.
g4 Qf6 48. Rxh8 Kxh8 49. Qh2+ Kg8 50. f5 exf5 51. Nd7 fxg4+ 52. Ke2 Qf3+ 53.
Kd2 Ne4+ 0-1

[Event "26th WSCC 2016 Open 65+"]
[Site "Marianske Lazne, Czech Republic - Hotel Cristal and Continental"]
[Date "2016.11.20"]
[Round "2.111"]
[White "Scholtyssek, Werner"]
[Black "Rucka, Alois"]
[Result "1-0"]
[WhiteElo "1734"]
[BlackElo "1953"]
[PlyCount "75"]
[EventDate "2016.11.19"]

1. c4 e5 2. Nc3 d6 3. g3 f5 4. Bg2 Nf6 5. d4 e4 6. Bg5 c6 7. e3 Be7 8. Nge2 O-O
9. O-O Na6 10. a3 Nc7 11. Bxf6 Bxf6 12. d5 Qe7 13. Qc2 Bd7 14. Rad1 c5 15. b4
b6 16. Rfe1 Rac8 17. bxc5 bxc5 18. Rb1 Rb8 19. Rb3 Be6 20. dxe6 Qxe6 21. Na4
Qe5 22. Reb1 Rxb3 23. Rxb3 Ne6 24. Nec3 Ng5 25. Nd5 Qa1+ 26. Rb1 Nf3+ 27. Bxf3
exf3 28. Nxf6+ Qxf6 29. Qd1 g5 30. Qxf3 Rf7 31. Qd5 Kg7 32. Rb7 Rxb7 33. Qxb7+
Kg6 34. Qb2 Qe6 35. Qe2 g4 36. Qd3 Qe5 37. Nc3 Kg5 38. Nb5 1-0

[Event "26th WSCC 2016 Open 65+"]
[Site "Marianske Lazne, Czech Republic - Hotel Cristal and Continental"]
[Date "2016.11.20"]
[Round "2.112"]
[White "Barboza, Mauro"]
[Black "Zilbershtein, Victor"]
[Result "1-0"]
[WhiteElo "1944"]
[BlackElo "1716"]
[PlyCount "67"]
[EventDate "2016.11.19"]

1. e4 e5 2. Nf3 Nc6 3. Bc4 Nf6 4. d3 d5 5. exd5 Nxd5 6. h3 Bc5 7. Ng5 O-O 8.
Ne4 Be7 9. a3 Be6 10. Qh5 Nf4 11. Bxf4 exf4 12. Nbd2 Nd4 13. Rc1 f5 14. Bxe6+
Nxe6 15. Nc3 Nd4 16. Qd1 b5 17. O-O c5 18. Nf3 b4 19. axb4 cxb4 20. Nb1 Qd5 21.
Nbd2 Rfd8 22. Nxd4 Qxd4 23. Nc4 a5 24. Qe2 Qf6 25. Rfe1 Bf8 26. b3 a4 27. bxa4
Rxa4 28. Qf3 Qd4 29. Qc6 Raa8 30. Qe6+ Kh8 31. Ne5 Qd5 32. Nf7+ Kg8 33. Nxd8+
Qxe6 34. Nxe6 1-0

[Event "26th WSCC 2016 Open 65+"]
[Site "Marianske Lazne, Czech Republic - Hotel Cristal and Continental"]
[Date "2016.11.20"]
[Round "2.113"]
[White "Ben-Zeev, Moshe"]
[Black "Nielsen, Peter"]
[Result "1-0"]
[WhiteElo "1943"]
[BlackElo "1713"]
[PlyCount "55"]
[EventDate "2016.11.19"]

1. d4 Nf6 2. Nf3 e6 3. c4 Bb4+ 4. Nc3 Ne4 5. Qc2 d5 6. a3 Bxc3+ 7. bxc3 b6 8.
e3 O-O 9. Bd3 f5 10. O-O Nd7 11. a4 Ndf6 12. Ne5 Bd7 13. Ba3 Re8 14. cxd5 exd5
15. c4 c5 16. cxd5 Nxd5 17. Bxe4 fxe4 18. Qxe4 Nc3 19. Qd3 cxd4 20. exd4 Nd5
21. a5 b5 22. Bc5 a6 23. f4 Rc8 24. Rae1 Rc7 25. Qb3 Be6 26. f5 Bf7 27. Nxf7
Kxf7 28. Bb6 1-0

[Event "26th WSCC 2016 Open 65+"]
[Site "Marianske Lazne, Czech Republic - Hotel Cristal and Continental"]
[Date "2016.11.20"]
[Round "2.114"]
[White "Brhlik, Antonin"]
[Black "Valtera, Jiri"]
[Result "0-1"]
[WhiteElo "1732"]
[BlackElo "1943"]
[PlyCount "80"]
[EventDate "2016.11.19"]

1. e4 c5 2. Nf3 Nc6 3. d4 cxd4 4. Nxd4 d5 5. Bb5 dxe4 6. O-O Bd7 7. Nc3 Nxd4 8.
Qxd4 Bxb5 9. Qxd8+ Rxd8 10. Nxb5 a6 11. Nc3 f5 12. Bf4 e6 13. Rad1 Be7 14. Be5
Nf6 15. Rxd8+ Kxd8 16. Ne2 Ke8 17. Rd1 Kf7 18. h3 Rd8 19. Rxd8 Bxd8 20. Kf1 Nd7
21. Bd4 e5 22. Be3 Ke6 23. Ke1 f4 24. Bc1 Bb6 25. Ng1 Nf6 26. Ke2 g5 27. Kf1
Nd5 28. a3 e3 29. c4 Ne7 30. fxe3 fxe3 31. g4 Ng6 32. Ne2 Nf4 33. Nxf4+ exf4
34. Ke2 Ke5 35. b4 Ke4 36. c5 Bc7 37. Bb2 f3+ 38. Kf1 e2+ 39. Kf2 Bg3+ 40. Kxg3
e1=Q+ 0-1

[Event "26th WSCC 2016 Open 65+"]
[Site "Marianske Lazne, Czech Republic - Hotel Cristal and Continental"]
[Date "2016.11.20"]
[Round "2.115"]
[White "Briza, Jiri"]
[Black "Klus, Jan"]
[Result "0-1"]
[WhiteElo "1941"]
[BlackElo "1694"]
[PlyCount "70"]
[EventDate "2016.11.19"]

1. d4 d5 2. c4 dxc4 3. Nf3 e6 4. e3 Nf6 5. Bxc4 c6 6. O-O Be7 7. Nc3 Nd5 8. e4
Nxc3 9. bxc3 O-O 10. Qc2 a5 11. a4 b6 12. Be3 Ba6 13. Bxa6 Rxa6 14. Rab1 Nd7
15. Rfd1 h6 16. Qd2 Ra8 17. Qc2 Qc7 18. h3 Rfe8 19. e5 Rab8 20. Qd3 Red8 21.
Qe2 c5 22. Rb5 Qc6 23. Bf4 cxd4 24. cxd4 Nf8 25. Rc1 Qb7 26. Bd2 Qa6 27. Rc6
Rd5 28. Qc4 Rxb5 29. axb5 Qa8 30. Qc2 Ng6 31. Be3 Bd8 32. Nd2 Ne7 33. Rc4 Nd5
34. Ne4 Nb4 35. Qb3 Qxe4 0-1

[Event "26th WSCC 2016 Open 65+"]
[Site "Marianske Lazne, Czech Republic - Hotel Cristal and Continental"]
[Date "2016.11.20"]
[Round "2.116"]
[White "Scharff, Klaus"]
[Black "Mohammadian, Mohammad"]
[Result "1-0"]
[WhiteElo "1934"]
[BlackElo "1683"]
[PlyCount "75"]
[EventDate "2016.11.19"]

1. d4 Nf6 2. c4 g6 3. Nc3 d5 4. Bg5 Ne4 5. Bc1 Nxc3 6. bxc3 c6 7. f3 Bg7 8. e4
dxe4 9. fxe4 e5 10. Nf3 Bg4 11. d5 Nd7 12. Be3 Qa5 13. Qd2 Nc5 14. Bd3 Rd8 15.
O-O O-O 16. h3 Bc8 17. Bc2 Rfe8 18. Bh6 Qb6 19. Kh1 Ne6 20. Bxg7 Kxg7 21. Nxe5
Re7 22. d6 Rc7 23. Ng4 g5 24. e5 h6 25. Qd3 Nf8 26. Qf3 Bxg4 27. Qf6+ Kg8 28.
dxc7 Qxc7 29. hxg4 Rd2 30. Bf5 c5 31. e6 Nxe6 32. Bxe6 fxe6 33. Qxe6+ Kg7 34.
Qf6+ Kh7 35. Rae1 Rd7 36. Re6 Qd8 37. Qg6+ Kh8 38. Re8+ 1-0

[Event "26th WSCC 2016 Open 65+"]
[Site "Marianske Lazne, Czech Republic - Hotel Cristal and Continental"]
[Date "2016.11.20"]
[Round "2.117"]
[White "Biza, Miroslav"]
[Black "Bernardo Jimenez, Fernando"]
[Result "0-1"]
[WhiteElo "1728"]
[BlackElo "1926"]
[PlyCount "70"]
[EventDate "2016.11.19"]

1. d4 Nf6 2. Bf4 d5 3. e3 e6 4. Nf3 Bd6 5. Bd3 O-O 6. O-O Bxf4 7. exf4 c5 8. c3
cxd4 9. Nxd4 Nc6 10. Nd2 Qb6 11. Qb3 Nxd4 12. Qxb6 Ne2+ 13. Bxe2 axb6 14. f3
Bd7 15. Nb3 Rfc8 16. Nd4 Ra5 17. Rfe1 Ne8 18. Bd3 Nd6 19. Re2 Kf8 20. a3 g6 21.
g4 Bb5 22. Nxb5 Nxb5 23. b4 Rxa3 24. Rxa3 Nxa3 25. Rd2 Rxc3 26. Be2 Rc2 27. Rd3
Rxe2 28. Rxa3 Rb2 29. Ra7 Rxb4 30. Kf2 Rxf4 31. Rxb7 Rb4 32. Ke3 g5 33. h3 Kg7
34. Rb8 Rb3+ 35. Ke2 b5 0-1

[Event "26th WSCC 2016 Open 65+"]
[Site "Marianske Lazne, Czech Republic - Hotel Cristal and Continental"]
[Date "2016.11.20"]
[Round "2.118"]
[White "Abel, Hans-Peter"]
[Black "Svoboda, Zdenek"]
[Result "1-0"]
[WhiteElo "1923"]
[BlackElo "1659"]
[PlyCount "105"]
[EventDate "2016.11.19"]

1. Nf3 d5 2. g3 c6 3. Bg2 Nf6 4. d3 Bf5 5. b3 Nbd7 6. Bb2 Qc7 7. O-O e5 8. e3
Bd6 9. Nbd2 Bg4 10. Qe1 O-O 11. h3 Be6 12. Rc1 b5 13. c4 b4 14. Ng5 a5 15. Nxe6
fxe6 16. f4 Nc5 17. Qe2 exf4 18. exf4 Rae8 19. d4 Ncd7 20. c5 Be7 21. Rce1 Bd8
22. Rf3 Rf7 23. Re3 Rfe7 24. Qd3 Nf8 25. Nf3 Qc8 26. Ne5 N6d7 27. Bc1 Nxe5 28.
Rxe5 Ng6 29. R5e2 Nf8 30. Kh2 Ra7 31. f5 Bf6 32. Bf4 a4 33. Bd6 Be7 34. Bxe7
Raxe7 35. bxa4 Qa8 36. Qb3 Qa5 37. h4 Ra7 38. Rb1 Qxa4 39. Qxb4 Qxb4 40. Rxb4
Rae7 41. fxe6 Nxe6 42. Bh3 Nd8 43. Rxe7 Rxe7 44. Rb2 Re4 45. Rd2 Kf7 46. Kg2
Re3 47. Kf2 Ra3 48. Bg4 Ne6 49. Kg2 Ra4 50. Rf2+ Ke7 51. Re2 Rxd4 52. Bxe6 Rc4
53. Bxd5+ 1-0

[Event "26th WSCC 2016 Open 65+"]
[Site "Marianske Lazne, Czech Republic - Hotel Cristal and Continental"]
[Date "2016.11.20"]
[Round "2.119"]
[White "Kosina, Vladimir"]
[Black "Drozdov, Vladimir E"]
[Result "0-1"]
[WhiteElo "1715"]
[BlackElo "1919"]
[PlyCount "102"]
[EventDate "2016.11.19"]

1. e4 d5 2. exd5 Nf6 3. Nf3 Nxd5 4. d4 Bg4 5. Be2 e6 6. O-O Nc6 7. c3 Be7 8.
Re1 O-O 9. Nbd2 Qd7 10. Ne5 Nxe5 11. dxe5 Bxe2 12. Qxe2 Nf4 13. Qf3 Nd3 14. Re2
Rfd8 15. g3 Bg5 16. h4 Nxe5 17. Rxe5 Bxd2 18. Bxd2 Qxd2 19. Re2 Qd5 20. Qf4 Rd7
21. b3 Rad8 22. Rae1 h6 23. Qe3 b6 24. c4 Qa5 25. Kg2 Rd3 26. Qe5 Qxe5 27. Rxe5
Rd2 28. R5e2 Kf8 29. Kf1 Ke7 30. Rxd2 Rxd2 31. Re2 Rd1+ 32. Kg2 Kd6 33. f4 Rd3
34. Kf2 Kc5 35. h5 Kd4 36. g4 Kc3 37. g5 Rd2 38. Rxd2 Kxd2 39. Kf3 Kd3 40. a4
c5 41. Kg4 Ke4 42. g6 fxg6 43. hxg6 a5 44. Kg3 Kf5 45. Kf3 Kxg6 46. Ke4 Kf6 47.
f5 exf5+ 48. Kd5 f4 49. Kc6 f3 50. Kxb6 f2 51. Kxc5 f1=Q 0-1

[Event "26th WSCC 2016 Open 65+"]
[Site "Marianske Lazne, Czech Republic - Hotel Cristal and Continental"]
[Date "2016.11.20"]
[Round "2.120"]
[White "El Gheiadi, I."]
[Black "Glacner, Karel"]
[Result "0-1"]
[WhiteElo "1918"]
[BlackElo "1629"]
[PlyCount "88"]
[EventDate "2016.11.19"]

1. e4 e5 2. Nf3 f5 3. d3 Qf6 4. Nc3 c6 5. a3 Bc5 6. Na4 Bd6 7. c4 Na6 8. Bd2 f4
9. Rc1 Nh6 10. b4 Nc7 11. c5 Be7 12. Qb3 Nf7 13. Bc3 Nb5 14. Bb2 O-O 15. Bxe5
Qh6 16. Bb2 Kh8 17. Nc3 d6 18. Nxb5 cxb5 19. d4 Qg6 20. Qc2 Re8 21. c6 a6 22.
d5 Bd8 23. e5 Qxc2 24. Rxc2 bxc6 25. dxc6 Bf5 26. Re2 Bd3 27. Rd2 Be4 28. Be2
Nxe5 29. Nxe5 dxe5 30. Bf3 Bxf3 31. gxf3 Rc8 32. Rc2 Re6 33. O-O Bf6 34. Rfc1
Rc7 35. Rc5 Kg8 36. Kf1 Kf7 37. Ke2 Kg6 38. h3 Kf5 39. R1c2 Be7 40. Rd5 Bf6 41.
Rdc5 Be7 42. R5c3 Rh6 43. Rc1 Re6 44. Kf1 Bf6 0-1

[Event "26th WSCC 2016 Open 65+"]
[Site "Marianske Lazne, Czech Republic - Hotel Cristal and Continental"]
[Date "2016.11.20"]
[Round "2.121"]
[White "Benes, Karel"]
[Black "Prachar, Josef"]
[Result "0-1"]
[WhiteElo "1700"]
[BlackElo "1918"]
[PlyCount "76"]
[EventDate "2016.11.19"]

1. e4 g6 2. d4 Bg7 3. Nf3 d6 4. Nc3 a6 5. Be3 b5 6. Qd2 Bb7 7. d5 c5 8. dxc6
Nxc6 9. Nd5 Nf6 10. Bb6 Qc8 11. Nc7+ Kf8 12. Bd3 Rb8 13. Nd5 Nd7 14. Rb1 Nxb6
15. Nxb6 Qd8 16. Nd5 e6 17. Ne3 Qb6 18. O-O Nd4 19. Nxd4 Bxd4 20. Nd1 Kg7 21.
Nc3 h5 22. Ne2 Bf6 23. Kh1 h4 24. Nf4 Rbd8 25. c3 Qc5 26. Qe3 Qe5 27. Ne2 h3
28. f4 hxg2+ 29. Kxg2 Qh5 30. Rh1 Qg4+ 31. Qg3 Bxe4+ 32. Kg1 Qxg3+ 33. Nxg3
Bxd3 34. Rd1 Bc4 35. Ne4 Bd5 36. Re1 Bh4 37. Re3 f5 38. Ng5 Bxg5 0-1

[Event "26th WSCC 2016 Open 65+"]
[Site "Marianske Lazne, Czech Republic - Hotel Cristal and Continental"]
[Date "2016.11.20"]
[Round "2.122"]
[White "Baumann, Hanspeter"]
[Black "Rychtecky, Pavel"]
[Result "1-0"]
[WhiteElo "1911"]
[BlackElo "1601"]
[PlyCount "53"]
[EventDate "2016.11.19"]

1. e4 c5 2. Nf3 e6 3. c3 Nc6 4. d4 cxd4 5. cxd4 d5 6. e5 Be7 7. Be2 Bd7 8. Nc3
a6 9. O-O Qc7 10. Be3 O-O-O 11. Rc1 Kb8 12. Qb3 Na5 13. Qd1 Qb6 14. b3 h6 15.
h4 Rc8 16. Qd3 Bb4 17. Na4 Qd8 18. Rxc8+ Kxc8 19. Rc1+ Kb8 20. Qb1 Ne7 21. Qb2
Nac6 22. a3 Ba5 23. b4 Bb6 24. Nc5 Ka7 25. b5 Bxc5 26. bxc6 Nxc6 27. Rxc5 1-0

[Event "26th WSCC 2016 Open 65+"]
[Site "Marianske Lazne, Czech Republic - Hotel Cristal and Continental"]
[Date "2016.11.20"]
[Round "2.123"]
[White "Kopecek, Ivan"]
[Black "Zelenka, Pavel"]
[Result "1-0"]
[WhiteElo "1910"]
[BlackElo "1563"]
[PlyCount "35"]
[EventDate "2016.11.19"]

1. d4 Nf6 2. Nf3 d5 3. e3 c6 4. Bd3 e6 5. Nbd2 Nbd7 6. b3 Be7 7. O-O O-O 8. Bb2
Qc7 9. c4 Re8 10. Ne5 Nf8 11. Qc2 Ng6 12. f4 Bd6 13. Ndf3 Bxe5 14. dxe5 Nd7 15.
Ng5 Nc5 16. Bxg6 hxg6 17. cxd5 exd5 18. Qxc5 1-0

[Event "26th WSCC 2016 Open 65+"]
[Site "Marianske Lazne, Czech Republic - Hotel Cristal and Continental"]
[Date "2016.11.20"]
[Round "2.126"]
[White "Ilyes, Peter"]
[Black "Kympergr, Vojtech"]
[Result "1-0"]
[WhiteElo "1892"]
[BlackElo "1506"]
[PlyCount "43"]
[EventDate "2016.11.19"]

1. e4 d6 2. d4 g6 3. Nc3 Bg7 4. Be3 Nf6 5. f3 O-O 6. Qd2 Re8 7. Bh6 Bh8 8. Bc4
c6 9. Nge2 d5 10. Bb3 dxe4 11. fxe4 Bg4 12. e5 Nd5 13. Ne4 Bxe2 14. Qxe2 e6 15.
Bg5 Qa5+ 16. c3 Nd7 17. Nd6 Reb8 18. O-O f5 19. exf6 e5 20. Qg4 Nf8 21. Bxd5+
Qxd5 22. f7+ 1-0

[Event "26th WSCC 2016 Open 65+"]
[Site "Marianske Lazne, Czech Republic - Hotel Cristal and Continental"]
[Date "2016.11.20"]
[Round "2.127"]
[White "Zikavsky, Rudolf"]
[Black "Auvinen, Esa"]
[Result "0-1"]
[WhiteElo "1632"]
[BlackElo "1887"]
[PlyCount "120"]
[EventDate "2016.11.19"]

1. d4 Nf6 2. c4 e6 3. Nc3 d5 4. Nf3 Be7 5. Qc2 O-O 6. Bf4 c6 7. cxd5 Nxd5 8.
Nxd5 exd5 9. e3 Nd7 10. Bd3 Nf6 11. a3 Bg4 12. Ne5 Qa5+ 13. Qc3 Qxc3+ 14. bxc3
a5 15. a4 Bc8 16. Bg5 h6 17. Bh4 g5 18. Bg3 Ne4 19. c4 Bb4+ 20. Kd1 f6 21. Nf3
Re8 22. c5 Bg4 23. Kc2 h5 24. Bxe4 Rxe4 25. h3 Bf5 26. Kb3 h4 27. Bd6 b6 28.
Rac1 Re6 29. Ra1 bxc5 30. dxc5 Re4 31. Nd4 Bd7 32. Rac1 Ra7 33. Rc2 Rb7 34. Ka2
f5 35. Rb1 f4 36. Rb3 Kf7 37. Rcb2 fxe3 38. fxe3 Ra7 39. Rf2+ Kg6 40. Rf8 Re8
41. Rxe8 Bxe8 42. e4 dxe4 43. Kb2 Bd2 44. Kc2 e3 45. Nf3 Bf7 46. Rb6 Bd5 47.
Ne5+ Kf5 48. Nxc6 Bxc6 49. Rxc6 Ke4 50. Rc7 Rxc7 51. Bxc7 Bb4 52. c6 e2 53. Bg3
hxg3 54. c7 e1=Q 55. c8=Q Bc3 56. Qxc3 Qxc3+ 57. Kxc3 Ke3 58. Kc4 Kf2 59. Kb5
Kxg2 60. Kxa5 Kxh3 0-1

[Event "26th WSCC 2016 Open 65+"]
[Site "Marianske Lazne, Czech Republic - Hotel Cristal and Continental"]
[Date "2016.11.20"]
[Round "2.128"]
[White "Rubinstein, Mark"]
[Black "Ostrowski, Michal"]
[Result "1-0"]
[WhiteElo "1886"]
[BlackElo "1223"]
[PlyCount "63"]
[EventDate "2016.11.19"]

1. c4 Nf6 2. Nc3 g6 3. e4 d6 4. d4 c6 5. f4 Bg4 6. Qd3 Bg7 7. Be3 Na6 8. a3 c5
9. d5 O-O 10. h3 Bd7 11. g4 Qb6 12. Qc2 Qd8 13. Bd3 e6 14. e5 Ne8 15. Nf3 f5
16. gxf5 exf5 17. e6 Bc8 18. O-O-O Nac7 19. h4 Nf6 20. h5 Ng4 21. Bg1 Qf6 22.
hxg6 hxg6 23. Ng5 Bh6 24. Qd2 a6 25. Be2 Bg7 26. Nh7 Qe7 27. Nxf8 Bxf8 28. Bxg4
fxg4 29. Qh2 Qg7 30. Ne4 Be7 31. Ng5 Bf6 32. Ne4 {Time Black Zero} 1-0

[Event "26th WSCC 2016 Open 65+"]
[Site "Marianske Lazne, Czech Republic - Hotel Cristal and Continental"]
[Date "2016.11.20"]
[Round "2.129"]
[White "Schramek, Kurt"]
[Black "Baumgarten, Werner"]
[Result "1/2-1/2"]
[WhiteElo "1602"]
[BlackElo "1882"]
[PlyCount "50"]
[EventDate "2016.11.19"]

1. d4 d5 2. Bf4 f5 3. e3 Nf6 4. c4 e6 5. Nc3 c6 6. Nf3 Be7 7. Bd3 O-O 8. O-O
Nh5 9. Ne5 Nxf4 10. exf4 Qe8 11. Re1 Rf6 12. Qf3 Nd7 13. Ne2 Rh6 14. Rac1 Nf6
15. Ng3 Ne4 16. Qe2 Bh4 17. c5 g5 18. fxg5 Bxg5 19. Rc2 Bf4 20. Bxe4 dxe4 21.
b4 Qd8 22. h3 Bxg3 23. fxg3 Qxd4+ 24. Qe3 Qxe3+ 25. Rxe3 Kf8 1/2-1/2

[Event "26th WSCC 2016 Open 65+"]
[Site "Marianske Lazne, Czech Republic - Hotel Cristal and Continental"]
[Date "2016.11.20"]
[Round "2.131"]
[White "Dvorsky, David"]
[Black "Slechta, Karel"]
[Result "0-1"]
[WhiteElo "1594"]
[BlackElo "1872"]
[PlyCount "86"]
[EventDate "2016.11.19"]

1. e4 c5 2. Nc3 Nc6 3. d3 g6 4. g3 Bg7 5. Bg2 d6 6. f4 e6 7. Nf3 Nge7 8. Be3
Nd4 9. O-O O-O 10. Rb1 Rb8 11. Ne2 Nxf3+ 12. Bxf3 Qa5 13. a3 Nc6 14. c3 Rd8 15.
d4 cxd4 16. cxd4 Ne7 17. Bd2 Qb6 18. Bc3 d5 19. e5 Nc6 20. Kh1 Bd7 21. b4 Rdc8
22. Qd3 Ne7 23. b5 Rc4 24. Bb4 Qd8 25. Rfc1 Rbc8 26. Rc3 Nf5 27. a4 Bf8 28.
Rcb3 a6 29. Bxf8 Kxf8 30. g4 Nh4 31. Nc3 Qa5 32. Rc1 Rxa4 33. bxa6 bxa6 34.
Rcb1 Rac4 35. Rc1 Nxf3 36. Qxf3 Rxd4 37. Rb7 Bc6 38. Rb2 Rc4 39. Ra2 Qc5 40.
Rxa6 Bb7 41. Ra2 Rxc3 42. Rxc3 Qxc3 43. Qxc3 Rxc3 0-1

[Event "26th WSCC 2016 Open 65+"]
[Site "Marianske Lazne, Czech Republic - Hotel Cristal and Continental"]
[Date "2016.11.20"]
[Round "2.132"]
[White "Brda, Vlastimil"]
[Black "Goetze, Peter"]
[Result "0-1"]
[WhiteElo "1234"]
[BlackElo "1862"]
[PlyCount "64"]
[EventDate "2016.11.19"]

1. c4 d6 2. Nc3 Nf6 3. d4 Nbd7 4. Bg5 c6 5. h3 e5 6. e3 Be7 7. Be2 O-O 8. Bf3
Ne8 9. Bxe7 Qxe7 10. Nge2 f5 11. Ng3 Ndf6 12. O-O g6 13. Re1 Ng7 14. Qb3 Kh8
15. a4 e4 16. Be2 Be6 17. Rad1 d5 18. c5 Rab8 19. Qa3 Qc7 20. Nh1 f4 21. exf4
Qxf4 22. Nb1 Nf5 23. Ng3 e3 24. Nxf5 exf2+ 25. Kh1 fxe1=Q+ 26. Rxe1 Bxf5 27.
Rf1 Qxd4 28. Nc3 Ne4 29. Nxe4 Bxe4 30. Rxf8+ Rxf8 31. Qc3 Qxc3 32. bxc3 Rf2 0-1

[Event "26th WSCC 2016 Open 65+"]
[Site "Marianske Lazne, Czech Republic - Hotel Cristal and Continental"]
[Date "2016.11.21"]
[Round "3.1"]
[White "Frick, Christoph"]
[Black "Sveshnikov, Evgeny"]
[Result "1/2-1/2"]
[WhiteElo "2275"]
[BlackElo "2489"]
[PlyCount "54"]
[EventDate "2016.11.19"]

1. d4 d5 2. Bf4 c5 3. e3 Nc6 4. c3 Nf6 5. Nd2 Bg4 6. Qb3 Qd7 7. Ngf3 c4 8. Qc2
Bf5 9. Qc1 Nh5 10. Be2 Nxf4 11. exf4 e6 12. Nf1 f6 13. Ne3 Bd6 14. Nxf5 exf5
15. O-O O-O 16. Nh4 Ne7 17. g3 a5 18. Ng2 a4 19. a3 Ra5 20. Re1 Rfa8 21. Bf3
Rb5 22. h4 Ra6 23. Ne3 Rab6 24. Ra2 Ra5 25. Ra1 Rab5 26. Ra2 Ra5 27. Ra1 Rab5
1/2-1/2

[Event "26th WSCC 2016 Open 65+"]
[Site "Marianske Lazne, Czech Republic - Hotel Cristal and Continental"]
[Date "2016.11.21"]
[Round "3.2"]
[White "Zhelnin, Vladimir V"]
[Black "Lederman, Leon"]
[Result "1/2-1/2"]
[WhiteElo "2453"]
[BlackElo "2280"]
[PlyCount "50"]
[EventDate "2016.11.19"]

1. e4 c5 2. Nf3 d6 3. d4 cxd4 4. Nxd4 Nf6 5. Nc3 a6 6. Be3 e5 7. Nf3 Qc7 8. a4
h6 9. Be2 Be6 10. O-O Nbd7 11. Ne1 Be7 12. Bf3 O-O 13. Nd3 Qc4 14. a5 Rfb8 15.
Ra4 Qc8 16. Nb4 b5 17. axb6 Nxb6 18. Bxb6 Rxb6 19. Qd2 a5 20. Nd3 Bc4 21. Rfa1
Bxd3 22. cxd3 Bd8 23. d4 Rab8 24. Nd1 Rb4 25. Rxb4 Rxb4 1/2-1/2

[Event "26th WSCC 2016 Open 65+"]
[Site "Marianske Lazne, Czech Republic - Hotel Cristal and Continental"]
[Date "2016.11.21"]
[Round "3.3"]
[White "Sorensen, Bent"]
[Black "Komljenovic, Davorin"]
[Result "0-1"]
[WhiteElo "2263"]
[BlackElo "2375"]
[PlyCount "70"]
[EventDate "2016.11.19"]

1. Nf3 d5 2. g3 Nf6 3. Bg2 c5 4. O-O Nc6 5. d4 cxd4 6. Nxd4 e5 7. Nxc6 bxc6 8.
c4 Be7 9. Nc3 e4 10. Bg5 Rb8 11. Qa4 Qd7 12. Qc2 Qf5 13. Bf4 Rb4 14. cxd5 cxd5
15. a3 Rc4 16. Qb3 O-O 17. Nb5 Qd7 18. Rac1 Ba6 19. Nc3 Rfc8 20. Rfd1 h6 21. e3
Qe6 22. h4 Qf5 23. Bf1 Bf8 24. Ne2 g5 25. hxg5 hxg5 26. Nd4 Rxd4 27. exd4 Bc4
28. Bxc4 dxc4 29. Qe3 Nd5 30. Qe2 gxf4 31. Re1 Re8 32. Rxc4 f3 33. Qf1 Re6 34.
Ra4 Rh6 35. Ra6 Rh7 0-1

[Event "26th WSCC 2016 Open 65+"]
[Site "Marianske Lazne, Czech Republic - Hotel Cristal and Continental"]
[Date "2016.11.21"]
[Round "3.4"]
[White "Kakageldyev, Amanmurad"]
[Black "Ruckschloss, Karol"]
[Result "1-0"]
[WhiteElo "2373"]
[BlackElo "2255"]
[PlyCount "87"]
[EventDate "2016.11.19"]

1. d4 f5 2. Nf3 Nf6 3. g3 g6 4. Bg2 Bg7 5. O-O O-O 6. c4 d6 7. Nc3 Qe8 8. d5
Na6 9. Nd4 Bd7 10. Rb1 c6 11. dxc6 bxc6 12. b4 Rc8 13. Nf3 Qf7 14. Qb3 h6 15.
Qa3 Nb8 16. c5 Be6 17. Nd4 Bc4 18. Bb2 dxc5 19. bxc5 e5 20. Nf3 Rfe8 21. Rfd1
Bf8 22. Nd2 Be6 23. Nb3 Nbd7 24. Qxa7 e4 25. Qa4 Nxc5 26. Nxc5 Bxc5 27. e3 Bf8
28. Rbc1 c5 29. Rd2 Bg7 30. Nb5 Ra8 31. Qd1 Reb8 32. Rxc5 Rxa2 33. Rc7 Qf8 34.
Bf1 Ne8 35. Bxg7 Rxd2 36. Qxd2 Nxg7 37. Qd4 Ne8 38. Rc6 Bf7 39. Qe5 Rb7 40. Rc8
Re7 41. Qb8 Qg7 42. Nd4 Kh7 43. Nc6 Re6 44. Nd8 1-0

[Event "26th WSCC 2016 Open 65+"]
[Site "Marianske Lazne, Czech Republic - Hotel Cristal and Continental"]
[Date "2016.11.21"]
[Round "3.5"]
[White "Huelsmann, Josef"]
[Black "Birnboim, Nathan"]
[Result "0-1"]
[WhiteElo "2219"]
[BlackElo "2365"]
[PlyCount "64"]
[EventDate "2016.11.19"]

1. d4 c5 2. e3 Nf6 3. Nf3 g6 4. Bd3 Bg7 5. O-O O-O 6. b3 cxd4 7. exd4 Nc6 8.
Re1 d5 9. c3 Qc7 10. h3 Rd8 11. Bg5 b6 12. Qc1 Bb7 13. Bf4 Qc8 14. Ne5 Ne4 15.
Nxc6 Qxc6 16. Bxe4 dxe4 17. Qe3 Rac8 18. Qg3 f6 19. h4 Kf7 20. Kh2 h6 21. Be3
f5 22. Na3 Ba6 23. Rac1 e5 24. dxe5 Rd3 25. Qf4 Qe6 26. Bd4 g5 27. hxg5 hxg5
28. Qxg5 Bh6 29. Qh5+ Kg7 30. Rc2 Bf4+ 31. Kg1 Rh8 32. Qe2 Rh1+ 0-1

[Event "26th WSCC 2016 Open 65+"]
[Site "Marianske Lazne, Czech Republic - Hotel Cristal and Continental"]
[Date "2016.11.21"]
[Round "3.6"]
[White "Harandi, Khosro"]
[Black "Zilbert, Oleg"]
[Result "1-0"]
[WhiteElo "2354"]
[BlackElo "2208"]
[PlyCount "83"]
[EventDate "2016.11.19"]

1. e4 g6 2. Bc4 Bg7 3. Nf3 c5 4. O-O Nc6 5. c3 Qb6 6. Na3 d6 7. Re1 Bd7 8. Bb3
Na5 9. Bc2 e5 10. Rb1 Ne7 11. b4 cxb4 12. cxb4 Nac6 13. Nc4 Qc7 14. b5 Nd4 15.
Bd3 Be6 16. Qa4 Nxf3+ 17. gxf3 O-O 18. Ba3 Nc8 19. Rec1 Qe7 20. Kf1 Qf6 21. Ke2
Rd8 22. Bb2 Nb6 23. Qa5 Nxc4 24. Bxc4 b6 25. Qa6 d5 26. Bxd5 Bxd5 27. exd5 Rxd5
28. Rc8+ Rxc8 29. Qxc8+ Rd8 30. Qc7 Bh6 31. Bc3 Bf4 32. Rb4 Rd5 33. a4 Qf5 34.
Re4 Qe6 35. Qb8+ Kg7 36. Rxf4 f5 37. Qc7+ Kg8 38. Rc4 Qe8 39. Qc6 Rd7 40. Qc8
Rd8 41. Qb7 Qe6 42. Rc7 1-0

[Event "26th WSCC 2016 Open 65+"]
[Site "Marianske Lazne, Czech Republic - Hotel Cristal and Continental"]
[Date "2016.11.21"]
[Round "3.7"]
[White "Plachetka, Jan"]
[Black "Furman, Boris"]
[Result "1-0"]
[WhiteElo "2348"]
[BlackElo "2207"]
[PlyCount "75"]
[EventDate "2016.11.19"]

1. Nf3 d5 2. c4 e6 3. g3 Nf6 4. Bg2 d4 5. O-O c5 6. b4 cxb4 7. a3 bxa3 8. d3
Nc6 9. Nbd2 Be7 10. Bxa3 O-O 11. Qa4 e5 12. Rfb1 Re8 13. Ng5 Qc7 14. Bxe7 Rxe7
15. Nb3 Bf5 16. Nc5 Nd8 17. Nxb7 Rb8 18. Nxd8 Qxd8 19. Nf3 Bg4 20. h3 Bxf3 21.
Bxf3 h6 22. c5 Ne8 23. c6 Nd6 24. Kg2 g5 25. Qa5 Qc8 26. Qc5 Qc7 27. Rxa7 Qxa7
28. Qxa7 Rxa7 29. Rxb8+ Kg7 30. Rb7 Ra5 31. Rd7 Nc8 32. Bh5 Rc5 33. Rxf7+ Kg8
34. Rc7 Nd6 35. Bf3 Kf8 36. Rd7 Nf7 37. Bd5 Nh8 38. c7 1-0